Štatistické údaje o kompozícii v jazyku a ontogenéza reči

Bibliographic Details
Main Author: Vužňáková, Katarína (Author)
Format: Article
Language:Slovak
PhysicalDescription:Grafy, tabuľky
ISBN:9788055506647
Subjects:
Online Access://www.unipo.sk/public/media/20164/komplexnost-a-integrita.pdf

MARC

LEADER 00000nab a2200000 4500
001 vtls012057335
003 SK-MaSNL
005 20260303162151.0
008 210607|2012 xo |||| ||an ||00 0|slo
015 |a SNBRB2021/06 
040 |a SPKCL  |b slo  |e rda 
041 |a slo  |b slo  |b eng 
044 |a xo  |c SK 
072 7 |a 81  |x Lingvistika. Jazyky  |2 konspekt 
072 7 |a 159.93/.94  |x Senzorické a motorické funkcie. Emócie. Vôľa  |2 konspekt 
080 |a 159.946.3 :81  |2 2011 
100 1 |a Vužňáková, Katarína  |4 aut  |9 268363 
245 1 0 |a Štatistické údaje o kompozícii v jazyku a ontogenéza reči  |c katarína Vužňáková 
300 |b Grafy, tabuľky 
336 |a text  |b txt  |2 rdacontent 
337 |a bez média  |b n  |2 rdamedia 
338 |a zväzok  |b nc  |2 rdacarrier 
504 |a Obsahuje bibliografiu 
546 |a Anglické a slovenské resumé 
650 0 7 |a jazyk  |2 SNKPH  |9 22980 
650 0 7 |a vývoj reči  |2 SNKPH  |9 71289 
650 0 7 |a detská reč  |2 snkbucl  |9 71338 
650 0 7 |a štatistika  |2 SNKPH  |9 778 
655 7 |a BZB  |2 SNKPH  |9 1080216 
773 0 |t Komplexnosť a integrita v predprimárnej, primárnej a špeciálnej edukácii : zborník príspevkov z vedeckej konferencie s medzinárodnou účasťou organizovanej Pedagogickou fakultou PU pri príležitosti 15. výročia založenia Prešovskej univerzity v Prešove  |d Prešov : Prešovská univerzita, 2012  |g S. 420-427  |h online  |z 9788055506647 
856 4 1 |u //www.unipo.sk/public/media/20164/komplexnost-a-integrita.pdf 
958 |a NB 
999 |c 2052513  |d 2054443